000 00910nam a2200217Ii 4500
003 JO-AjNU
008 230605s9999||||xx |||||||||||||| ||und||
017 _a4002/8/2125
040 _aJO-AjNU
_bara
_erda
_cJO-AjNU
041 _aara
050 1 4 _aK845.S7.M8524.2004
100 3 _a المومني، بشار طلال ,
_eauthor
_947382
245 0 0 _aالامتداد القانوني والرضائية لعقد الايجار في القانون الأردني " دراسة مقارنة " : وفقا لأحداث التعديلات القانونية والتطبيقات القضائية
250 _aط1
264 3 1 _aأربد : عالم الكتب الحديث ، 2004
300 _a209ص
336 _atext
_btxt
_2rdacontent
337 _aunmediated
_bn
_2rdamedia
338 _avolume
_bnc
_2rdacarrier
650 4 _aالقانون الخاص -- قانون الملكية -- الأردن
_947383
999 _aA20680
_c24248
_d24248